000 00658nam a22001937a 4500
999 _c527316
_d527316
003 NUST
005 20190725053321.0
008 190725b ||||| |||| 00| 0 eng d
038 _aMr. Noman
082 _a620.1
100 _aKhalid, Muhammad Saif Ullah
_918485
245 _aNumerical Simulations, Nonlinear Analysis and Control of Bio-inspired Flow :
_bA Step towards Autonomous Vehicles /
_cMuhammad Saif Ullah Khalid.
260 _aIslamabad:
_bCEMe - NUST,
_c2016.
300 _axviii, 177 p.: ill.;
_c30cm.
500 _aHardcover.
650 _aMechanical Engineering PhD Thesis.
_918486
700 _aDr. Imran Akhtar.
_911136
942 _2ddc
_cTHE